|
|
|
|
| LEADER |
00000nam0a2200000 4500 |
| 001 |
175041 |
| 005 |
20231101223213.0 |
| 010 |
|
|
|a 9785222160978
|
| 035 |
|
|
|a (RuTPU)RU\TPU\book\189806
|
| 090 |
|
|
|a 175041
|
| 100 |
|
|
|a 20100208d2010 m y0rusy50 ca
|
| 101 |
0 |
|
|a rus
|
| 102 |
|
|
|a RU
|
| 105 |
|
|
|a a j 001zy
|
| 200 |
1 |
|
|a Электрические измерения
|e учебное пособие
|f О. А. Пустовая
|
| 210 |
|
|
|a Ростов-на-Дону
|c Феникс
|d 2010
|
| 215 |
|
|
|a 247 с.
|c ил.
|
| 225 |
1 |
|
|a Высшее образование
|
| 320 |
|
|
|a Библиогр.: с. 245-247.
|
| 330 |
|
|
|a В учебном пособии рассмотрены теоретические и практические вопросы применения измерительной техники. Рассмотрен процесс правильного выбора измерительных приборов и аппаратуры сопряжения. Учебное пособие составлено в соответствии с программой дисциплины «Электрические измерения» для следующих специальностей: 110302 — «Электрификация и автоматизация сельского хозяйства»; 140607 — «Электрооборудование автомобилей и тракторов».
|
| 606 |
1 |
|
|a Электрические измерения
|x (электроизмерительная техника)
|2 stltpush
|3 (RuTPU)RU\TPU\subj\68642
|9 83836
|
| 610 |
1 |
|
|a измерительная техника
|
| 610 |
1 |
|
|a средства измерений
|
| 610 |
1 |
|
|a электрические величины
|
| 610 |
1 |
|
|a эталоны
|
| 610 |
1 |
|
|a поверка
|
| 610 |
1 |
|
|a измерительные приборы
|
| 610 |
1 |
|
|a измерительные преобразователи
|
| 610 |
1 |
|
|a выпрямительные преобразователи
|
| 610 |
1 |
|
|a термоэлектрические преобразователи
|
| 610 |
1 |
|
|a система СИ
|
| 610 |
1 |
|
|a погрешности
|
| 610 |
1 |
|
|a практические занятия
|
| 610 |
1 |
|
|a тестовый контроль
|
| 610 |
1 |
|
|a учебные пособия
|
| 675 |
|
|
|a 621.317.3(075.8)
|v 3
|
| 700 |
|
1 |
|a Пустовая
|b О. А.
|g Олеся Александровна
|
| 801 |
|
1 |
|a RU
|b 63413507
|c 20100208
|
| 801 |
|
2 |
|a RU
|b 63413507
|c 20150616
|g RCR
|
| 900 |
|
|
|a Электрические измерения
|
| 942 |
|
|
|c BK
|
| 959 |
|
|
|a 1/20100204
|d 2
|e 163,80
|f ЧЗТЛ:1
|f АНЛ:1
|